| 000 | 01286cam a2200313 a 4500 | ||
|---|---|---|---|
| 999 |
_c232783 _d232783 |
||
| 001 | 15633060 | ||
| 003 | Nust | ||
| 005 | 20170223121041.0 | ||
| 008 | 090220s2009 nyu c 000 1 eng | ||
| 010 | _a 2009005772 | ||
| 020 | _a9780061582509 | ||
| 040 |
_aDLC _cDLC _dDLC |
||
| 042 |
_alcac _apcc |
||
| 050 | 0 | 0 |
_aPZ7.H916625 _bBlu 2009 |
| 082 | 0 | 0 |
_a823 _bHUN |
| 100 | 1 | _aHunter, Erin. | |
| 245 | 1 | 0 |
_aBluestar's prophecy / _cErin Hunter. |
| 250 | _a1st ed. | ||
| 260 |
_aNew York : _bHarper, _c2009. |
||
| 300 |
_a516 p. ; _c22 cm. |
||
| 500 | _a"Warriors Super Edition." | ||
| 520 | _aBluefur, a warrior of ThunderClan, struggles under the weight of a prophecy that promises her glory as Clan leader, but also spells out her ultimate demise. | ||
| 650 | 1 |
_aCats _vFiction. |
|
| 650 | 1 |
_aProphecies _vFiction. |
|
| 650 | 1 |
_aAdventure and adventurers _vFiction. |
|
| 650 | 1 | _aFantasy. | |
| 906 |
_a7 _bcbc _corignew _d1 _eecip _f20 _gy-gencatlg |
||
| 942 |
_2ddc _cBK |
||